00952nam a2200169 i 4500001000700000003000900007005001700016008004100033100005600074245028400130260004900414300005200463530003500515650002000550852011700570856009500687163086ES-MaACL20250809063530.0931025s1737 fr f |||| | fre d1 aRéaumur, René Antoine Ferchault de, d1683-175710aMemoires pour servir a l'histoire des insectes / cpar M. de Reaumur... ; Tome troisieme, histoire des vers mineurs des Fenilles, des Teigues, des Fansses Teigues, des pucerons, des ennemis des pucerons, des Faux pucerons & l'histoire des Galles des plantes, & de leurs insectes. aa Paris : bde l'imprimerie royale, c1737. a4], XL, 532 p., 47] h. de grab. pleg. ; c4º. aDisponible en formato digital. 7aInsectos2embne4 aES-MaACLjR-1123-28 z- Enc. pasta española z- Ex-libris de la Biblioteca Real xOlim:G-12039-444 uhttps://hdl.handle.net/11441/120523 zDepósito de Investigación Universidad de Sevilla